Catálogo

Macroeconomía : (Registro nro. 73125)

Detalles MARC
000 -LEADER
fixed length control field 01450cam a2200337 i 4500
001 - CONTROL NUMBER
control field 73125
003 - CONTROL NUMBER IDENTIFIER
control field Mx-PuUPA
005 - DATE AND TIME OF LATEST TRANSACTION
control field 20251020121208.0
008 - FIXED-LENGTH DATA ELEMENTS--GENERAL INFORMATION
fixed length control field 251015s2021 mx ad||gr|||| 00| 0 spa d
020 ## - INTERNATIONAL STANDARD BOOK NUMBER
International Standard Book Number 9786073256957
040 ## - CATALOGING SOURCE
Transcribing agency Mx-PuUPA
Original cataloging agency Mx-PuUPA
Language of cataloging spa
Modifying agency Mx-PuUPA
Description conventions rda
041 1# - LANGUAGE CODE
Language code of text/sound track or separate title spa
Language code of original eng
100 1# - MAIN ENTRY--PERSONAL NAME
Personal name Parkin, Michael,
Dates associated with a name 1939-
9 (RLIN) 6382
Relator term autor
240 10 - UNIFORM TITLE
Uniform title Macroeconomics.
Language of a work Español
245 10 - TITLE STATEMENT
Title Macroeconomía :
Remainder of title versión para Latinoamérica /
Statement of responsibility, etc. Michael Parkin ; adaptación de casos, Fernando Samperio Sánchez ; traducción, María de Lourdes Amador Araujo
250 ## - EDITION STATEMENT
Edition statement Decimosegunda edición
264 ## - PRODUCTION, PUBLICATION, DISTRIBUTION, MANUFACTURE, AND COPYRIGHT NOTICE
Place of production, publication, distribution, manufacture Ciudad de México, México :
Name of producer, publisher, distributor, manufacturer Pearson Educación de México,
Date of production, publication, distribution, manufacture, or copyright notice 2021
300 ## - PHYSICAL DESCRIPTION
Extent xxxiv, 398 páginas :
Other physical details ilustraciones, gráficas, diagramas, tablas, cálculos, tablas ;
Dimensions 28 cm
336 ## - CONTENT TYPE
Fuente rdacontent
Content type term texto
Content type code txt
337 ## - MEDIA TYPE
Source rdamedia
Media type term sin medio
Media type code n
338 ## - CARRIER TYPE
Source rdacarrier
Carrier type term volumen
Carrier type code nc
650 #7 - SUBJECT ADDED ENTRY--TOPICAL TERM
Source of heading or term armarc
Topical term or geographic name entry element Macroeconomía
700 1# - ADDED ENTRY--PERSONAL NAME
Personal name Samperio Sánchez, Fernando,
Relator term adaptador
700 1# - ADDED ENTRY--PERSONAL NAME
Personal name Amador Araujo, María de Lourdes,
Relator term traductor
765 0# - ORIGINAL LANGUAGE ENTRY
Main entry heading Parkin, Michael, 1939-
Edition 13th edition
Place, publisher, and date of publication [Lugar de publicación no identificado] : Pearson Educación, ©2018
Title Macroeconomics.
International Standard Book Number 9780134744454
942 ## - ADDED ENTRY ELEMENTS (KOHA)
Source of classification or shelving scheme Dewey Decimal Classification
Koha item type Libro
Classification part 339
Item part P2218
Existencias
Withdrawn status Lost status Source of classification or shelving scheme Damaged status Not for loan Collection code Home library Current library Shelving location Date acquired Source of acquisition Cost, normal purchase price Total Checkouts Total Renewals Full call number Barcode Date last seen Date last checked out Cost, replacement price Price effective from Koha item type
    Dewey Decimal Classification     General Biblioteca Karol Wojtyla Biblioteca Karol Wojtyla Sala general 15/10/2025 1 1050.00 1 1 339 P2218 2021 106125 09/04/2026 14/03/2026 1050.00 15/10/2025 Libro